MARC

LEADER 00000nas a2200000 4500
001 ssj0000571625
003 WaSeSS
005 20200512172242.0
006 m d
007 cr n
008 121218c19999999pl fr p s | 0pol c
010 |a  2012262112 
016 7 |a 2653185-9  |2 DE-600 
022 |a 2084-3844  |y 2082-0984 
035 |a (WaSeSS)ssj0000571625 
040 |a CGU  |b eng  |c CGU  |d CGU  |d OCLCF  |d OCLCO  |d FIE  |d OCLCO  |d OCLCQ  |d CNMTR  |d WaSeSS 
042 |a pcc 
043 |a e------ 
050 4 |a PN707  |b .T475 
130 0 |a Terminus (Kraków, Poland : Online) 
245 1 0 |a Terminus  |h [electronic resource]. 
260 |a Kraków :  |b Księgarnia Akademicka,  |c 1999- 
310 |a Semiannual 
362 0 |a Rocz. 1, zesz. 1 (1999)- 
506 |a License restrictions may limit access. 
550 |a Issued by: Instytut Filologii Polskiej UJ, 1999-2001; by Instytut Polonistyki UJ, 2002- 
588 |a Description based on print version record. 
650 0 |a European literature  |x History and criticism  |v Periodicals. 
650 7 |a Civilization.  |2 fast  |0 (OCoLC)fst00862898 
650 7 |a European literature.  |2 fast  |0 (OCoLC)fst00916751 
651 0 |a Europe  |x Civilization  |v Periodicals. 
651 7 |a Europe.  |2 fast  |0 (OCoLC)fst01245064 
655 0 |a Electronic journals. 
710 2 |a Uniwersytet Jagielloński.  |b Instytut Filologii Polskiej. 
710 2 |a Uniwersytet Jagielloński.  |b Instytut Polonistyki. 
776 0 8 |i Print version:  |t Terminus (Kraków, Poland)  |x 2082-0984  |w (DLC) 2007235240  |w (OCoLC)132768054 
856 4 0 |z Full text available from Research Library: 01/01/2010 to present  |u https://search.proquest.com/publication/1356354